Odgadnij piosenki Braci Figo Fagot po tekście - Statystyki

Ogólne statystyki
  • Ten quiz został rozwiązany 26 razy
  • Średni wynik to 5 z 8
Statystyki odpowiedzi
Tekst Tytuł piosenki % Poprawnych
Pisarz miłości co za wstyd od drinów długopis nie chciał się rozpisać
Choć go strzepnąłem on ani drgnie tusz nie ozdobi pocztówki tej
Kiedy wracam na tarczy to matka od progu chuchnij mówi mi
Od takiej zj*by przetrzeźwiałby nawet Kwaśniewski
Pisarz miłości
91%
Wchodzę do dyskoteki
Podchodzę do lady baru
Staję na rozstaju
Już wóda, czy jeszcze piwerko
Chlup do boju wojownicy wódy
Jak marszałek pił wódki dużo
Jeden za wszystkich i wszyscy za jednego
A kto nie pije, ten chu-u-u-uj
Wojownicy wódy
91%
Janko, Janeczko Czy pamiętasz chłopca z lata Który taczką, wieczorami Woził gnój... Janko, Janeczko W sercu rana ciągle trwa A chłopiec na redlinie cicho łka... Janko Janeczko
86%
On bił cię w du du dużym pokoju
A Ty mu obciągnęłaś
Sweter bo miał gołe plecy
Nie chciałaś żeby się zaziębił
Czy o mnie kiedyś tak zadbałaś
Nie a wręcz przeciwnie
Teraz idę do Barbary
Na nocne bary bary bary
Bożenka
82%
Stop!
Teraz węgorz
Patrzcie świnie - król parkietu
Ręka jak złamana
Nak**wiam węgorza
Na na na na na na
- Dobra starczy!
- Słucham?
- Starczy! Dawaj mała do kabiny
- Co? Nie słyszę?
Ta, "nie słyszę".
Idę walić driny
Wóda zryje banie
73%
Jak w stajence w siatce mam Kacpi melchior I baltazar Na mieszkanku dzisiaj faza (dzwonek do drzwi) Tyle człowieku stój (czy to są psy) Zaraz strzeli mnie ch*j (zagaście szlugi) Kacpiego piję (ściszcie rapsy) Pie**olę dzwonię Trzech Króli
45%
Tfu, tfu, zajęta ławeczka
Piwo, szlugi – a jak
Kukuryny zaraz będą
Klaudia, Sylwia i Klaudia
Nagle łoł-łoł, błysk niebieski
Przeszedł dreszcz
"Dobry wieczór, dokumenty"
Juras zesrał się
HWDP
32%
Gówno mnie to obchodzi, że powiesz na mnie złodziej Ukradnę ci serduszko Będziemy parzyć się jak herbata Kilka razy z jednego worka Z jednego worka mosznowego chłopaka A mówiłaś, że nie mosz Koniokrad damskich serc
32%
Nie znaleziono quizów pasujących do podanych kryteriów
Rozkład punktacji
Procent ludzi z każdym wynikiem
Percentyl według liczby udzielonych odpowiedzi
Twoja historia wyników
Nie rozwiązałeś tego quizu